000 00193nam a22000737a 4500
999 _c24235
_d24235
003 Nust
005 20170515172502.0
008 140509b xxu||||| |||| 00| 0 eng d
020 _cAvailable
_a013196643x025
040 _aDLC
_bDLC
_cRCMS
082 _a004.6 MAR
100 _a Martin James
_9786
245 _aData Communication Technology
260 _aNew Jersey
_bPrentice Hall
_cc 1988
300 _axviii,691,p:
_bill:
_c25,cm.
538 _iShelf # 15, Row # 5, Communication.
650 _aData Transmission Systems / Information networks
_9787
856 _3Table of Content Only.
942 _2ddc
_cBK
_k004.6 MAR